000 00668nam a2200253Ia 4500
003 OSt
005 20220918164949.0
006 a|||||r|||| 00| 0
007 ta
008 220917b |||||||| |||| 00| 0 eng d
020 _a0826455166 (pb)
024 _a230,904
037 _cTextual
040 _aARTS
_cARTS
_beng
041 _2eng
_aeng
082 _aP:(S:4), P6
100 _aCattell Ray
_921951
245 0 _aIntroduction to mind, consciousness and language
260 _aLondon
_bContinuum UK
_c2006
300 _axiii,226p.
_ccm.
650 _aLINGUISTICS
942 _hP:(S:4), P6
_cTEXL
_2CC
999 _c127666
_d127666